000 02411cam a22002771i 4500
003 SA-RiAUC
005 20250123081729.0
008 250123s1978 su g 00000cara c
040 _aEG-CaFIB
_bara
_cSA-RiAUC
_erda
082 0 4 _a922.581
_qSA-RiAUC
090 _a922.581
_b ع ب د ق
100 1 _aعبد القادر القرشي، عبد القادر بن محمد بن نصر الله،
_d696-775 هجري
_eمؤلف.
245 1 2 _aالجواهر المضية في طبقات الحنفية /
_cأبو محمد محيي الدين عبد القادر بن محمد بن نصر الله القرشي ؛ تحقيق عبد الفتاح محمد الحلو.
264 1 _aالرياض :
_aالقاهرة :
_bدار العلوم ؛
_bعيسى البابي الحلبي،
_c1978
300 _a مجلد ؛
_c24 سم
336 _aنص
_btxt
_2rdacontent
_3كتاب
337 _aبدون وسيط
_bn
_2rdamedia
338 _aمجلد
_bnc
_2rdacarrier
650 7 _aالفقهاء الأحناف
_vتراجم
_2aucsh
700 1 _aالحلو، عبد الفتاح محمد،
_d1937-1994
_eمحقق.
856 _uhttp://www.alwaraq.net/Core/waraq/coverpage?bookid=2011&option=1
_yExternal Link
_2 نرجو الانتباه لإمكانية وجود اختلاف في الطبعة أو الناشر بين البيانات على البوابة وما ستجده على الكتاب نظرا لمحدودية المعلومات المتاحة على الموقع الناشر للمادة.
_3Please note that there may be a difference in the edition or publisher between the data on the portal and the book due to the limited information available on the publisher website for the material.
856 _uhttp://www.alwaraq.net/Core/AlwaraqSrv/bookpage?book=2011&option=1&fkey=2&page=1
_yDigital Copy
_2 نرجو الانتباه لإمكانية وجود اختلاف في الطبعة أو الناشر بين البيانات على البوابة وما ستجده على الكتاب نظرا لمحدودية المعلومات المتاحة على الموقع الناشر للمادة.
_3Please note that there may be a difference in the edition or publisher between the data on the portal and the book due to the limited information available on the publisher website for the material.
942 _2ddc
_cBOOK
_n0
949 _aSA-JeALM
_d250123
_ueid123
_n1
999 _c5137
_d5137